000 00828nam a22002177a 4500
005 20170713151953.0
010 _aENG-119177
020 _a9788175418363
_c550.00
035 _aEN-102709
037 _bDBAD/PUB
082 _a381.14209538
100 _aSatyanarayana,P.
245 _aE-service quality and attitude toward online shopping in development countries:/
_cby Mohammad Sulaman Alnasser, Raibiul Islam [and] Ahmad Bashawir Abdul Ghani
_bstudy of Malaysia amd Saudi Arabia /
260 _aDelhi
_bShipra Publications
_c2015
270 _aLG-18-19,Pankaj Central Market,I.P.Ext. Patparganj
_bDelhi
_e110092
300 _axii,220p.
_c23cm(pbk)
500 _aIncludes references and index
700 _aRaibiul Islam
700 _aAhmad Bashawir Abdul Ghani
942 _2ddc
_cEN
_mMOH
_h381.14209538
999 _c142547
_d142547